000
00202 a2200097 4500
001
12932
100
_a
Thomas Hobbes
245
_a
Leviathan
260
_a
_b
W.W.Norton &Company
_c
090
_c
9920
_d
9920
942
_a
NUST-CAE
_c
M
_c
36845
999
_c
248005
_d
248005